| 000 | 00558cam a2200193ua 4500 | ||
|---|---|---|---|
| 001 | 810 | ||
| 005 | 20260515113228.0 | ||
| 008 | 110420n ii |||gr||||Z||||||asm | ||
| 040 | _cMAIN | ||
| 082 | _a324 | ||
| 245 | 1 |
_aRajnaitik padhati : _bAmerica,Sobhiet russia aru lokotantik Chin / _cby Birendra Kumar Talukdar |
|
| 250 | _a1st. | ||
| 260 |
_aDibrugarh: _bPathyaputhi prostuti smonoi smiti,975. |
||
| 300 |
_a436p.: _c25cm. |
||
| 653 | _aPolitical science | ||
| 653 | _aRajnaitik padhati | ||
| 700 |
_aTalukdar, Birendra Kumar., _eAuthor. |
||
| 942 | _cBK | ||
| 999 |
_c735 _d735 |
||